|
|
|
|
| LEADER |
00895naa a2200217 i 4500 |
| 001 |
acta84039 |
| 005 |
20240422094247.0 |
| 008 |
240422s2023 hu o 100 eng d |
| 020 |
|
|
|a 978-963-306-935-6
|
| 040 |
|
|
|a SZTE Egyetemi Kiadványok Repozitórium
|b hun
|
| 041 |
|
|
|a eng
|
| 100 |
1 |
|
|a Katona László
|
| 245 |
1 |
4 |
|a The role of applied theatre in language learning
|h [elektronikus dokumentum] :
|b [abstract] /
|c Katona László
|
| 260 |
|
|
|a Szegedi Tudományegyetem, Neveléstudományi Doktori Iskola
|b Szeged
|c 2023
|
| 300 |
|
|
|a 64
|
| 490 |
0 |
|
|a Pedagógiai Értékelési Konferencia
|v 19
|
| 650 |
|
4 |
|a Társadalomtudományok
|
| 650 |
|
4 |
|a Oktatástudomány
|
| 695 |
|
|
|a Idegen nyelv tanulása - módszer - előadáskivonat
|
| 711 |
|
|
|a XIX. Pedagógiai Értékelési Konferencia
|c Szeged
|d 2023. április 20-22.
|
| 856 |
4 |
0 |
|u http://acta.bibl.u-szeged.hu/84039/1/pek_2023_064.pdf
|z Dokumentum-elérés
|